000
00324 a2200157 4500
001
61280
020
_a
8587013394
040
_c
Anchieta - Pituba
100
_a
Amorim, Gabriel Pires de
240
1
0
_a
Kung Fu
_l
por
245
1
0
_a
Kung Fu
300
_a
152
362
0
_a
2004
650
4
_a
Esportes de combate
942
_c
BK
999
_c
61280
_d
61280